000 00770cab a2200229 4500
001 WB3243-08
008 090401t1996 xxu||||| |||| 00| 0 eng d
035 _a(Sirsi) u50165
041 _aeng
245 _aTower of Babel
260 _c1996
350 _a0
490 _aDaily Telegraph
_v14 November 1996, 12(1)
520 _aCambridge University has appointed independent consultants to investigate noise levels in the recently opened law faculty building designed by Sir Norman Foster.
650 _aBUILT ENVIRONMENT-CONSTRUCTION DESIGN-ACOUSTICS
650 _aCAMBRIDGE UNIVERSITY LAW FACULTY BUILDING
650 _aNOISE LEVELS
650 _aSIR NORMAN FOSTER
690 _aBUILT ENVIRONMENT-CONSTRUCTION DESIGN
942 _n0
948 _c04/03/1997
999 _c31327
_d31327